000 00823nam a2200265Ia 4500
003 OSt
005 20220912151005.0
006 a|||||r|||| 00| 0
007 ta
008 220909b |||||||| |||| 00| 0 eng d
024 _a60637
037 _cTextual
040 _aCSL
_beng
_cCSL
041 _aeng
082 _aA:(R)p1;N75, L7.3
100 _aButts Robert E
111 _aINTERNATIONAL CONGRESS ON BASIC PROBLEMS IN METHODOLOGY AND LINGUISTICS (1975 : London)
245 0 _aProceeding on basic problems in methodology and linguistics
260 _aDordrecht-Holland
_bD Reidel
_c1977
300 _ax,321p.
_ccm.
650 _aPhilosophy of science
700 _a Hintikka Jaakko
942 _hA:(R)p1;N75, L7.3
_cTEXL
_2CC
999 _c59001
_d59001